Pôda vo všetkých podobách: istota, ktorá sa nestráca Trhová ekonomika prináša nové pohľady na pôdu a jej využitie v praxi

Pohľad na pôdu zo zorného uhla nehnuteľností a podnikania. Dopyt po pôde nielen kvôli poľnohospodárskemu využitiu. Investovanie do pozemkov. Ceny pôdy a pozemkov z rôzneho hľadiska. Nároky na stavebné pozemky v súvislosti s novými tendenciami v ochrane a tvorbe životného prostredia. Problematické me...

Descrizione completa

Salvato in:
Dettagli Bibliografici
Autore principale: Luptáková, O.
Natura: Capitolo di libro
Lingua:slovacco
Soggetti:
Tags: Aggiungi Tag
Nessun Tag, puoi essere il primo ad aggiungerne!!

MARC

LEADER 00000naa a2200000 4500
001 r018192
005 20221205102658.3
041 0 |a slo 
044 |a SK 
245 1 0 |a Pôda vo všetkých podobách: istota, ktorá sa nestráca  |b Trhová ekonomika prináša nové pohľady na pôdu a jej využitie v praxi  |c O. Luptáková 
520 |a Pohľad na pôdu zo zorného uhla nehnuteľností a podnikania. Dopyt po pôde nielen kvôli poľnohospodárskemu využitiu. Investovanie do pozemkov. Ceny pôdy a pozemkov z rôzneho hľadiska. Nároky na stavebné pozemky v súvislosti s novými tendenciami v ochrane a tvorbe životného prostredia. Problematické metodické postupy pri oceňovaní pozemkov. Ceny ornej pôdy vo vybraných regiónoch Slovenska. 
610 2 0 |a pôda 
610 2 0 |a pozemky 
610 2 0 |a ceny 
610 2 0 |a Slovensko 
610 2 0 |a oceňovanie 
610 2 0 |a využitie pôdy 
610 2 0 |a fond pôdny 
100 1 |a Luptáková, O.